000 01022nam a2200277 a 4500
001 68767
003 BD-RjUL
005 20211209081816.0
008 170405s1952 xxu b 000 0 eng d
035 _a(BD-RjUL)68978
040 _aNortheastern Univ Lib
_cNED
_dBD-RjUL
_beng
041 _aeng
082 _223
_a707.1073
_bNAA 1952
110 _aNational Society for the Study of Education.
_9209462
245 0 0 _aArt in American life and education.
260 _aBloomington, Ill. :
_bPublic School Publishing Company,
_c1941.
300 _axx, 819 p. ;
_c23 cm.
490 1 _aYearbook of the National Society for the Study of Education,
_v40th
504 _aIncludes Bibliographies.
650 0 _aArt
_xStudy and teaching.
_9144211
651 _aUnited States
_9209403
700 1 _aWhipple, Guy Montrose,
_d1876-1941.
_q[ed]
_9203791
710 2 _aCommittee on Art in American Life and Education.
_9203792
830 0 _aYearbook of the National Society for the Study of Education,
_v40th
_9209463
942 _2ddc
_cBK
999 _c68767
_d68767